000 00649nam a2200241Ia 4500
003 OSt
005 20221006144827.0
006 a|||||r|||| 00| 0
007 ta
008 221006b |||||||| |||| 00| 0 eng d
020 _c462.00
024 _a12,857
037 _cTextual
040 _aEASL
_cEASL
_beng
041 _2eng
_aeng
082 _aV41:1955.N41, M4
100 _aKIRBY William C
_9471860
245 0 _aGermany and republican China
260 _aStandford
_bStandford University Press
_c1984
300 _a361p.
_ccm.
942 _hV41:1955.N41, M4
_cTEXL
_2CC
999 _c1080943
_d1080943